| 000 | 00534cam a2200193ua 4500 | ||
|---|---|---|---|
| 001 | 2342 | ||
| 008 | 110805n ii |||gr||||Z||||||asm | ||
| 040 | _cMAIN | ||
| 082 | _a370.71 | ||
| 100 |
_aDeka, Kandarpa Kr., _d , _eAuthor. |
||
| 245 | 1 |
_aSikhan abhyakh aru path parikalpana _cby Kandarpa Kr. Deka |
|
| 250 | _a1st. | ||
| 260 |
_aguahati: _bBanalata,996. _aDibrugarh: |
||
| 300 |
_a95p: _bill; _c23cm. |
||
| 653 | _aEducation | ||
| 653 | _aSikhan abhyakh aru path parikalpana | ||
| 700 |
_aHazarika, Mukut, _eAuthor. |
||
| 942 | _cBK | ||
| 999 |
_c2200 _d2200 |
||